| 000 | 00867nab a22002177a 4500 | ||
|---|---|---|---|
| 003 | BR-BrBNA | ||
| 005 | 20240304125537.0 | ||
| 008 | 240304b bl.||||| |||| 00| 0 por d | ||
| 040 |
_aBR-BrBNA _bpor |
||
| 072 |
_aN01 ; N20 ; F01 _b4630 ; 1410 |
||
| 100 | _aSilveira, Olavo | ||
| 245 | _aEletrificação rural para irrigação do feijão | ||
| 650 | _aELETRIFICAÇÃO RURAL | ||
| 650 | _aENGENHARIA AGRÍCOLA | ||
| 650 | _aMOTOR ELÉTRICO | ||
| 650 | _aIRRIGAÇÃO POR ASPERSÃO | ||
| 650 | _aFEIJÃO | ||
| 773 | 0 |
_01330 _9275255 _dCampinas-SP Coordenadoria de Assistência Técnica Integral - CATI - Centro de Comunicação Rural e Treinamento - CECORT 1979. Data final de publicação em 1990 _o2023-437061 _tCasa da Agricultura (Brazil) _x0100-6541 _gv. 3(2) p. 17 (Mar-Apr 1981) _wBR2024000190 |
|
| 942 | _cAnalítica | ||
| 999 |
_c298668 _d298668 |
||